Devatero kvítí a ještě některé další byliny /

Hlavní autor: Vrlová, Vanda, 1943-
Další autoři: Langer, Jiří, 1936-
Jazyk: Čeština
Vydáno: Rožnov pod Radhoštěm : Město Rožnov pod Radhoštěm, 2009
Vydání: 1. vyd.
Edice: Rožnovské malé tisky
Témata:
Fyzický popis: 143 s. : il. ; 15 cm
Knihy
Uloženo v:
LEADER 01549nam a2200445 a 4500
001 nkc20092025564
003 CZ PrNK
005 20110125100308.0
007 ta
008 100105s2009 xr a e f 000 0 cze
015 |a cnb002025564 
020 |a 978-80-904224-2-1  |q (brož.) 
035 |a (OCoLC)551399551 
040 |a ABA001  |b cze 
072 7 |a 615.8  |x Fyzioterapie. Psychoterapie. Alternativní lékařství  |2 Konspekt  |9 14 
080 |a 633.88  |2 MRF 
080 |a 615.89:633.88  |2 MRF 
080 |a (035)  |2 MRF 
100 1 |a Vrlová, Vanda,  |d 1943-  |7 jo2006346289  |4 aut 
245 1 0 |a Devatero kvítí a ještě některé další byliny /  |c Vanda Vrlová ; ilustracemi doprovodil Jiří Langer 
246 1 8 |a Devatero kvítí 
250 |a 1. vyd. 
260 |a Rožnov pod Radhoštěm :  |b Město Rožnov pod Radhoštěm,  |c 2009 
300 |a 143 s. :  |b il. ;  |c 15 cm 
490 1 |a Rožnovské malé tisky ;  |v sv. 13 
500 |a 500 výt. 
504 |a Obsahuje bibliografii 
650 0 7 |a léčivé rostliny  |7 ph115198  |2 czenas 
650 0 7 |a fytoterapie  |7 ph120421  |2 czenas 
650 0 9 |a medicinal plants  |2 eczenas 
650 0 9 |a phytotherapy  |2 eczenas 
655 7 |a příručky  |7 fd133209  |2 czenas 
655 9 |a handbooks and manuals  |2 eczenas 
700 1 |a Langer, Jiří,  |d 1936-  |7 jn19990209469  |4 ill 
830 0 |a Rožnovské malé tisky  |0 s 
910 2 |a BOA001  |b S-1239.562 
990 |a BK 
995 |a 01 
991 |b 201004  |c NOV 
996 6 |b 2610423738  |c S-1239.562  |l MZK  |r Sklad / do 24 hodin  |n 4  |p p.v.  |w 001113508  |u 000010  |a 1  |e BOA001  |j MZK50  |s P